书目信息 |
| 题名: |
59美分复制21亿美元
|
|
| 作者: | 卡赞晋 , 乔伊纳 , 科克·卡赞晋 著 ;项东 , 傅晨宇 , 张勤 译 | |
| 分册: | ||
| 出版信息: | 北京 现代出版社 2005 |
|
| 页数: | 209页 | |
| 开本: | 24cm | |
| 丛书名: | 普罗书坊 | |
| 单 册: | ||
| 中图分类: | F471.268 | |
| 科图分类: | ||
| 主题词: | 食品工业--工业企业管理--经验--美国 , 食品工业 , 工业企业管理 | |
| 电子资源: | ||
| ISBN: | 7-80188-481-7 | |
| 000 | 01863nam0 2200445 450 | |
| 000 | 01828nam0 2200433 450 | |
| 000 | 01791nam0 2200421 450 | |
| 000 | 01630nam0 2200409 450 | |
| 000 | 01593nam0 2200397 450 | |
| 000 | 01501oam2 2200361 450 | |
| 001 | 002993183 | |
| 005 | 20061027084114.24 | |
| 010 | @a7-80188-481-7@dCNY23.80 | |
| 035 | @a002993183 | |
| 100 | @a20050416d2005 em y0chiy0110 ea | |
| 101 | 1 | @achi@ceng |
| 102 | @aCN@b110000 | |
| 105 | @ay z 000yy | |
| 200 | 1 | @a59美分复制21亿美元@A59 mei fen fu zhi 21 yi mei yuan@e多纳圈连锁经营的12个秘诀@dThe 12 secret ingredients of krispy kreme's sweet success@f科克·卡赞晋(Kirk Kazanjian),艾美·乔伊纳(Amy Joyner)著@Fke ke·ka zan jin(Kirk Kazanjian),ai mei·qiao yi na(Amy Joyner)zhu@g项东,傅晨宇,张勤译@zeng |
| 210 | @a北京@c现代出版社@d2005 | |
| 215 | @a209页@d24cm | |
| 225 | 2 | @a普罗书坊 |
| 330 | @a本书向读者介绍了脆奶油多纳圈成功的秘诀,包括美味的商业秀、吹毛求疵的合作、时间和资源的利用、品牌的扩张和保护、长远谨慎的成长、出色的游击商人等12章。 | |
| 461 | 0 | @1001002675693@12001 @a普罗书坊 |
| 510 | 1 | @a12 secret ingredients of krispy kreme's sweet success@zeng |
| 517 | 1 | @a多纳圈连锁经营的12个秘诀@9duo na quan lian suo jing ying de 12 ge mi jue |
| 606 | 0 | @a食品工业@x工业企业管理@x经验@y美国 |
| 606 | 0 | @a食品工业 |
| 606 | 0 | @a工业企业管理 |
| 690 | @aF471.268@v4 | |
| 701 | 0 | @c(美)@a卡赞晋@9ka zan jin@c(Kazanjian, Kirk)@4著 |
| 701 | 0 | @c(美)@a乔伊纳@9qiao yi na@c(女,Joyner, Amy)@4著 |
| 701 | 0 | @a科克·卡赞晋@Ake ke·ka zan jin@bKirkKazanjian@4著 |
| 702 | 0 | @a项东@9xiang dong@c(企业管理)@4译 |
| 702 | 0 | @a傅晨宇@9fu chen yu@c(女)@4译 |
| 702 | 0 | @a张勤@9zhang qin@c(企业管理)@4译 |
| 801 | 0 | @aCN@bNLC@c20061027 |
| 905 | @aBZT@dF471.268@e3 | |
| 906 | @dCNY23.80@n0@r1 | |
| 59美分复制21亿美元:多纳圈连锁经营的12个秘诀=The 12 secret ingredients of krispy kreme's sweet success/科克·卡赞晋(Kirk Kazanjian),艾美·乔伊纳(Amy Joyner)著/项东,傅晨宇,张勤译.-北京:现代出版社,2005 |
| 209页;24cm.-(普罗书坊) |
| ISBN 7-80188-481-7:CNY23.80 |
| 本书向读者介绍了脆奶油多纳圈成功的秘诀,包括美味的商业秀、吹毛求疵的合作、时间和资源的利用、品牌的扩张和保护、长远谨慎的成长、出色的游击商人等12章。 |
| ● |
| 相关链接 |
|
|
|
正题名:59美分复制21亿美元
索取号:F471.268/3
 
预约/预借
| 序号 | 登录号 | 条形码 | 馆藏地/架位号 | 状态 | 备注 |
| 1 | 511231 | 230091834 | 中心书库北库/ 北库018架A面2列5层4/ [索取号:F471.268/3] | 在馆 | |
| 2 | 511232 | 230091830 | 中心书库北库/ 北库018架A面2列5层3/ [索取号:F471.268/3] | 在馆 | |
| 3 | 511233 | 230091829 | 中心书库北库/ 北库018架A面2列5层1/ [索取号:F471.268/3] | 在馆 | |
| 4 | 511234 | 230091832 | 中心书库北库/ 北库018架A面2列5层2/ [索取号:F471.268/3] | 在馆 | |
| 5 | 511235 | 230091831 | 中心书库北库/ 北库018架A面2列5层5/ [索取号:F471.268/3] | 在馆 |